Statistics for Sonic Boom Quotes

Click here to take the quiz!

General Stats

  • This quiz has been taken 4 times
  • The average score is 6 of 15

Answer Stats

QuestionAnswer% Correct
"Hammers are my thing!"Amy
67%
"Oh sure. You leave a dude hanging, but you call me the villian."Eggman
67%
"I'd be proud if you were a Doctor."Mombot
67%
"Okay, I'm on my way buddy."Sonic
67%
"Do what Egghead?"Sonic
67%
"Hey! We worked all day on that!"Sonic
67%
"You can't hurry love!"Amy
33%
"I wove u Mombot."Eggman
33%
"Sonic beat me up."Eggman
33%
"Nice vocab!"Knuckles
33%
"And you need to get the heck out of my shack!"Sonic
33%
"Where there's smoke, there's fire."Sticks
33%
"My birds! Ahhhhhh!"Eggman
0%
"Then you'll go beat up team Sonic right?"Eggman
0%
"Play my battle music."Eggman
0%

Score Distribution

Percentile by Number Answered

Percent of People with Each Score

Your Score History

You have not taken this quiz